| 000 | 01309nam a2200313 i 4500 | ||
|---|---|---|---|
| 001 | 186043 | ||
| 003 | SpMaBN | ||
| 005 | 20250814063258.0 | ||
| 008 | 160905e1983 sp a |r 001 0 spa | ||
| 017 |
_aM 38407-1983 _bOficina Depósito Legal Madrid |
||
| 020 | _a84-206-9995-0 | ||
| 080 | _a52"16" | ||
| 100 | 1 |
_953419 _aGalilei, Galileo, _d1564-1642 _eaut |
|
| 245 | 1 | 3 |
_aEl mensaje y el mensajero sideral / _cGalileo-Kepler ; introducción y traducción de Carlos Solís Santos |
| 260 |
_aMadrid : _bAlianza Editorial, _c[1983] |
||
| 300 |
_a212 páginas : _bilustraciones ; _c18 cm |
||
| 490 | 1 |
_aEl libro de bolsillo ; _v995. _pCiencia y técnica _9181079 |
|
| 500 | _aÍndice | ||
| 505 | 0 | _aGalileo "La gaceta sideral"; Kepler "Conversación con el mensajero sideral"; Apéndices | |
| 534 | _pTraducción de: Sidereus nuncius: dissertatio cum nuncio sidereo | ||
| 650 | 4 |
_aAstronomía- _vObras anteriores a 1800 _910389 |
|
| 700 | 1 |
_aKepler, Johannes, _d1571-1630 _eaut _967878 |
|
| 700 | 1 |
_aSolís Santos, Carlos, _d1945- _eaui _etrl _9107220 |
|
| 830 | 3 |
_aEl libro de bolsillo ; _v995. _pCiencia y técnica _9181079 |
|
| 852 |
_aES-MaACL _cDEPO2 _hDonat. Miguel A. Velasco _jL-30629 |
||
| 942 |
_2udc _cMONOGRAFIA _n0 |
||
| 999 |
_c186043 _d186043 |
||